| 000 | 00734nam a2200253 i 4500 | ||
|---|---|---|---|
| 001 | 67434 | ||
| 003 | ES-MaACL | ||
| 005 | 20230906170053.0 | ||
| 007 | t| | ||
| 008 | 040526s2002 sp ||||0| spa d | ||
| 020 | _a84-8432-380-3 | ||
| 040 |
_aM-BN _bspa _cM-BN |
||
| 080 | _a33(081) Galbraith, John Kenneth | ||
| 100 | 1 |
_aGalbraith, John Kenneth. _953345 |
|
| 245 | 1 | 0 |
_aJohn Kenneth Galbraith / _cselección y edición de Andrea D. Williams. |
| 260 |
_aBarcelona : _bCrítica, _c[2002] |
||
| 300 |
_a312 p. ; _c23 cm. |
||
| 490 | 1 | _aObra esencial | |
| 700 | 1 |
_aWilliams, Andrea D. _9116907 |
|
| 830 | 0 |
_aObra esencial _9184752 |
|
| 852 |
_aES-MaACL _jL-27650 _bR.133353 |
||
| 999 |
_c67434 _d67434 |
||